|
|
|
|
| LEADER |
00000nam0a2200000 4500 |
| 001 |
172173 |
| 005 |
20231031164227.0 |
| 010 |
|
|
|a 9785743320080
|
| 035 |
|
|
|a (RuTPU)RU\TPU\book\186680
|
| 090 |
|
|
|a 172173
|
| 100 |
|
|
|a 20091210d2008 k y0rusy50 ca
|
| 101 |
0 |
|
|a rus
|
| 102 |
|
|
|a RU
|
| 105 |
|
|
|a y z 001zy
|
| 200 |
1 |
|
|a Экономические аспекты транспортно-логистических региональных технологий
|e сборник научных статей
|f Саратовский государственный технический университет (СГТУ)
|
| 210 |
|
|
|a Саратов
|c Изд-во СГТУ
|d 2008
|
| 215 |
|
|
|a 170 с.
|
| 320 |
|
|
|a Библиография в конце статей
|
| 330 |
|
|
|a В сборник включены статьи, отражающие современные инновационные и логистические аспекты развития транспортного комплекса на региональном уровне. Рассмотрены теоретические, методологические и практические вопросы применения логистических и информационных технологий при организации перевозочных процессов, совершенствования управления и безопасности на автомобильном транспорте.
|
| 606 |
1 |
|
|a Автотранспорт
|y РФ
|2 stltpush
|3 (RuTPU)RU\TPU\subj\1395
|
| 606 |
1 |
|
|a Региональная экономика
|2 stltpush
|3 (RuTPU)RU\TPU\subj\36843
|
| 610 |
1 |
|
|a транспорт
|
| 610 |
1 |
|
|a экономика
|
| 610 |
1 |
|
|a регионы
|
| 610 |
1 |
|
|a Россия
|
| 610 |
1 |
|
|a транспортная логистика
|
| 610 |
1 |
|
|a транспортно-экономические связи
|
| 610 |
1 |
|
|a транспортный комплекс
|
| 610 |
1 |
|
|a информационные технологии
|
| 610 |
1 |
|
|a автотранспортные предприятия
|
| 610 |
1 |
|
|a грузоперевозки
|
| 610 |
1 |
|
|a управление
|
| 675 |
|
|
|a 656.13
|v 3
|
| 686 |
|
|
|a У04(2)6
|v LBC/SL-A
|2 rubbk
|
| 712 |
0 |
2 |
|a Саратовский государственный технический университет (СГТУ)
|c (1992- )
|2 stltpush
|3 (RuTPU)RU\TPU\col\95
|
| 801 |
|
1 |
|a RU
|b 63413507
|c 20091210
|
| 801 |
|
2 |
|a RU
|b 63413507
|c 20091225
|g RCR
|
| 942 |
|
|
|c BK
|